000 00433nam a2200157Ia 4500
008 230711s9999||||xx |||||||||||||| ||und||
041 _aENG
082 _a624
_bHA-D
100 _aHarkishan Singh Surjeet  
245 0 _aDeepening Punjab crisis : A democratic solution
250 _a1st . Ed.
260 _c1992
_aNew Delhi
_bPatriot Publishing Company Pvt.Ltd.
300 _a440
650 _aMechanical Engineering
942 _cBK
999 _c2011
_d2011